000
00356nam a22001217a 4500
040
_c
HS
082
_a
342
100
_a
DEP SINATH ;ដិបស៊ីណាត
245
_a
ការពារសម្បត្តិធម្មជាតិ ; protection de la nature
260
_a
RUA
_b
ដិប ស៊ីណាត
_c
1994
300
_a
44p;
942
_c
KB
999
_c
9575
_d
9575